000 01176nam a22004097a 4500
001 BR0902266
003 BR-BrBNA
005 20230928102937.0
007 ta
008 230509b bl.||||| |||| 00| 0 por d
040 _aBR-BrBNA
_bpor
_cBiblioteca Nacional de Agricultura
041 _a(Por)
072 _aF02; F30; F62
_b1190
090 _ 1190 BR0902266
100 1 _aLederman, I.E.(ed.)
100 1 _aLira Júnior, J.S. de(ed.)
100 1 _aSilva Júnior, J.F. da(ed.)
110 1 _aEmpresa Pernambucana de Pesquisa Agropecuária, Recife, PE (Brasil)
_94262
245 1 _aSpondias no Brasil: umbu, cajá e espécies afins
260 3 _aRecife, PE (Brasil):
_c2008.
300 _a180 p.
500 _aSeveral bibliography; 21 tables; 74 illus.
650 _aCAJÁ
650 _aUMBU
650 _aSPONDIAS LUTEA
650 _aSPONDIAS TUBEROSA
650 _aMELHORAMENTO GENÉTICO VEGETAL
650 _aMUDA
650 _aCLONAGEM
650 _aMICROPROPAGAÇÃO
650 _aCRESCIMENTO
650 _aFISIOLOGIA VEGETAL
650 _aCOMERCIALIZAÇÃO
650 _aPERNAMBUCO
909 _a202309
_bLucia
_c55
_dLucia Elande
942 _cBK
999 _c73077
_d73077